<?xml version="1.0" encoding="UTF-8"?>
<collection xmlns="http://www.loc.gov/MARC21/slim">
  <record>
    <leader>00000nam  2200000   4500</leader>
    <controlfield tag="001">INLIS000000000016914</controlfield>
    <controlfield tag="005">20240319112940</controlfield>
    <datafield tag="035" ind1="#" ind2="#">
      <subfield code="a">0010-0324000061</subfield>
    </datafield>
    <controlfield tag="007">ta</controlfield>
    <controlfield tag="008">240319################|##########|#|##</controlfield>
    <datafield tag="084" ind1="#" ind2="#">
      <subfield code="a">R 013 LATSAR 2021</subfield>
    </datafield>
    <datafield tag="100" ind1=" " ind2="#">
      <subfield code="a">Tommy Yoga Aditama</subfield>
    </datafield>
    <datafield tag="245" ind1="1" ind2="#">
      <subfield code="a">Optimalisasi Penatausahaan BMN Di Lingkungan Bawaslu Provinsi Jawa Timur Dengan Menggunakan Aplikasi Appsheet Berbasis Android /</subfield>
      <subfield code="c">Tommy Yoga Aditama</subfield>
    </datafield>
    <datafield tag="260" ind1="#" ind2="#">
      <subfield code="a">Jakarta :</subfield>
      <subfield code="b">Pusbangkader,</subfield>
      <subfield code="c">2021</subfield>
    </datafield>
    <datafield tag="300" ind1="#" ind2="#">
      <subfield code="a">45 halaman ;</subfield>
      <subfield code="c">30 cm</subfield>
    </datafield>
    <datafield tag="650" ind1="#" ind2="4">
      <subfield code="a">Penatausahaan BMN</subfield>
    </datafield>
    <datafield tag="520" ind1="#" ind2="#">
      <subfield code="a">Penatausaan BMN merupakan rangkaian kegiatan yang meliputi pembukuan, inventarisasi, dan pelaporan BMN sesuai dengan ketentuan yang berlaku. Terlihat dari hasil temuan BPK  (Badan Pemeriksaan Keuangan), bahwasanya penatausahaan BMN di lingkungan Bawaslu Provinsi Jawa Timur masih belum optimal. Masih kurang optimalnya fungsi kontrol dalam hal pengendalian penggunaan BMN di lingkungan Sekretariat Bawaslu Provinsi Jawa Timur akan dapat menimbulkan dampak yang besar jika tidak teratasi.</subfield>
    </datafield>
    <datafield tag="856" ind1="#" ind2="#">
      <subfield code="a">Perpustakaan LAN Pusat</subfield>
    </datafield>
    <datafield tag="990" ind1="#" ind2="#">
      <subfield code="a">23.10.013</subfield>
    </datafield>
  </record>
</collection>
